| 000 | 00647nam a2200205Ia 4500 | ||
|---|---|---|---|
| 003 | GCL | ||
| 008 | 140319s9999 xx 000 0 ara d | ||
| 040 |
_aGCL / _cGCL |
||
| 082 | 0 | 4 |
_aق _b309.162 _bم ح |
| 100 | 1 | _aمونتيه, بيير | |
| 245 | 1 | 0 |
_aالحياة اليومية فى مصر / _cمونتيه, بيير |
| 700 | 1 | _aعزيز مرقص منصور | |
| 300 | _a509 ص | ||
| 490 |
_aمكتبة الاسرة _v0 |
||
| 650 | 0 | 4 | _aالاحوال الاجتماعية |
| 650 | 0 | 4 | _aالمسح الاجتماعى |
| 650 | 0 | 4 | _aالحياة الريفية |
| 650 | 0 | 4 | _aمصر - الاحوال الاجتماعية |
| 942 |
_2ddc _cBK |
||
| 999 |
_c50769 _d50769 |
||